|
|
|
|
| LEADER |
00000cam a2200000 7i4500 |
| 001 |
0000055647 |
| 005 |
20151125.0 |
| 008 |
151125 |
| 020 |
|
|
|a 9832561213 (set)
|
| 020 |
|
|
|a 9832561264
|
| 090 |
0 |
0 |
|a NS
|b MAL
|
| 100 |
1 |
|
|a A.Ghani Abdullah
|
| 245 |
1 |
0 |
|a Bagai aur dengan tebing
|c A.Ghani Abdullah
|
| 260 |
|
|
|a Selangor :
|b Maximseri Design Sdn Bhd ,
|c 2002
|
| 490 |
1 |
|
|a Siri peribahasa
|
| 650 |
|
0 |
|a Malay fiction
|
| 999 |
|
|
|a 0000002039
|b Book
|c Children Collection
|e Cawangan Taman Universiti
|
| 999 |
|
|
|a 0000882716
|b Book
|c Children Collection
|e Cawangan Segamat
|
| 999 |
|
|
|a 0000882720
|b Book
|c Children Collection
|e Cawangan Bandar Penawar
|